AFI's 10 Top 10: Fantasy - Statistics

General Stats
  • This quiz has been taken 42 times
  • The average score is 3 of 10
Answer Stats
Rank Film Year % Correct
2 The Lord of the Rings: The Fellowship of the Ring 2001
94%
1 The Wizard of Oz 1939
81%
3 It's a Wonderful Life 1946
39%
4 King Kong 1933
22%
7 Harvey 1950
19%
6 Field of Dreams 1989
17%
8 Groundhog Day 1993
14%
10 Big 1988
8%
5 Miracle on 34th Street 1947
8%
9 The Thief of Bagdad 1940
3%
No matching quizzes found
Score Distribution
Percent of People with Each Score
Percentile by Number Answered
Your Score History
You have not taken this quiz